Statistics for Kordofanian languages with a map

Click here to take the quiz!

General Stats

  • This quiz has been taken 23 times
  • The average score is 21 of 43

Answers on the Map

Answers color-coded by a green-red scale on the quiz's map according to % correct below.
 

Answer Stats

Language% Correct
Ama
93%
Kadugli
93%
Katla
93%
Talodi
93%
Temein
93%
Tima
93%
Heiban
86%
Krongo
86%
Lafofa
50%
Nyala
50%
Acheron
43%
Afitti
43%
Dilling
43%
Kanga
43%
Karko
43%
Keiga
43%
Ko
43%
Tagoi
43%
Tulishi
43%
Tumtum
43%
Dagik
36%
Dair
36%
El Hugeirat
36%
Ghulfan
36%
Kadaru
36%
Koalib
36%
Laro
36%
Logol
36%
Logorik
36%
Lumun
36%
Moro
36%
Nding
36%
Ngile
36%
Otoro
36%
Shatt
36%
Shwai
36%
Tegali
36%
Tese
36%
Tiro
36%
Tocho
36%
Wali
36%
Warnang
36%
Julud
29%

Score Distribution

Percentile by Number Answered

Percent of People with Each Score

Your Score History

You have not taken this quiz